Géographie codée #2 - Statistiques

Statistiques générales
  • Ce quiz a été pris 57 fois
  • Le résultat moyen est 15 sur 20
Statistiques - réponses
Hint Réponse % Correct
14-13+12-4-7+7-4 Namibie
86%
20-5-4+14-10 Tokyo
86%
3-2+13-13+3-3 Canada
84%
15+6-3-17+11 Oural
82%
1+18-10-4 Asie
80%
9+5-10+1 Inde
80%
3+5+1-6-2+6+8 Chicago
78%
22-7-3-5-6 Volga
78%
14-5-2-2+13 Niger
74%
22-21+13+7-20+19+1 Vanuatu
74%
1+2+12-1-11-2+6+14-20 Aconcagua
72%
1+11-5-2+13-9-4 Algérie
72%
4-3+12-12+18 Damas
72%
13-8-1+5+11-15+13+0-17+13-9+0 Méditerranée
70%
19-18+13+6-11-8+6+8 Santiago
70%
19+1-5-12+8-3+7-3+1 Stockholm
70%
6+9+3+2-19+11-7+21-25 Fortaleza
66%
18-13+16-7-5+6-1 Réunion
66%
7+8-13+7 Gobi
64%
11-3-7+17+2-5+6-8 Khartoum
62%
Aucun quiz correspondant
Distribution des résultats
% des personnes avec chaque résultat
Percentile par nombre de réponses
Votre historique - résultats
Vous n’avez pas pris ce quiz